Brooklyn 99 - Melhores personagens - Statistics

Estatísticas Gerais
  • Esse quiz foi jogado 98 vezes
  • A pontuação média é 8 de 14
Estatísticas das Respostas
. Personagem (Nome e sobrenome) % Correto
. Jake Peralta
96%
. Amy Santiago
89%
. Rosa Diaz
84%
. Capitão Raymond Holt
79%
. Charles Boyle
76%
. Gina Linetti
73%
. Terry Jeffords
56%
. Scully
53%
. Hitchcock
48%
. Kevin Cozner
43%
. Doug Judy
37%
. Adrian Pimento
36%
. Cheddar
29%
. Madeline Wuntch
15%
Nenhum quiz correspondente encontrado
Distribuição das Pontuações
Porcentagem de Pessoas com Cada Pontuação
Percentil de Números Respondidos
Sua Pontuação Histórica
Você não jogou esse quiz